| 000 | 00401nam a2200169Ia 4500 | ||
|---|---|---|---|
| 003 | 0100 | ||
| 008 | 130303s9999 xx 000 0 und d | ||
| 040 | _cARRUPELIB | ||
| 050 | _aBL2470.G6A848 1995 | ||
| 100 | _aAssimeng, M | ||
| 245 | _aSalvation, Social crisis and the human condition | ||
| 260 | _aAccra | ||
| 260 | _bGhana Universities Press | ||
| 260 | _C1995 | ||
| 300 | _a44p | ||
| 942 | 0 | 0 | _01 |
| 999 |
_c18475 _d18475 |
||